Govt. of
Madhya Pradesh

Who You Were Meant to Be (Record no. 32349)

MARC details
000 -LEADER
fixed length control field 002930000a22001330004500
003 - CONTROL NUMBER IDENTIFIER
control field MACL
040 ## - CATALOGING SOURCE
Original cataloging agency MACL
090 ## - LOCALLY ASSIGNED LC-TYPE CALL NUMBER (OCLC); LOCAL CALL NUMBER (RLIN)
-- 32683
-- 32681
100 ## - MAIN ENTRY--PERSONAL NAME
Personal name Gibson, Lindsay C.
245 ## - TITLE STATEMENT
Title Who You Were Meant to Be
260 ## - PUBLICATION, DISTRIBUTION, ETC. (IMPRINT)
Name of publisher, distributor, etc. Magna Publishing
Date of publication, distribution, etc. 2002
650 ## - SUBJECT ADDED ENTRY--TOPICAL TERM
Topical term or geographic name as entry element Education
942 ## - ADDED ENTRY ELEMENTS (KOHA)
Koha item type Library Membar
Call number prefix 370/Gib
Holdings
Withdrawn status Lost status Damaged status Not for loan Home library Current library Date acquired Total Checkouts Full call number Barcode Date last seen Uniform Resource Identifier Price effective from Koha item type
        MACL MACL 15/04/2015   370/Gib BOOK CLC3653 29/04/2015 32404 15/04/2015 Books